<?xml version="1.0" encoding="UTF-8"?>
<record
    xmlns:xsi="http://www.w3.org/2001/XMLSchema-instance"
    xsi:schemaLocation="http://www.loc.gov/MARC21/slim http://www.loc.gov/standards/marcxml/schema/MARC21slim.xsd"
    xmlns="http://www.loc.gov/MARC21/slim">

  <leader>01292cam a22003014a 4500</leader>
  <datafield tag="999" ind1=" " ind2=" ">
    <subfield code="c">64261</subfield>
    <subfield code="d">64261</subfield>
  </datafield>
  <controlfield tag="005">20240530110722.0</controlfield>
  <controlfield tag="008">000314s2016    ua       b    001 0 eng  </controlfield>
  <datafield tag="020" ind1=" " ind2=" ">
    <subfield code="a">9789774167706</subfield>
  </datafield>
  <datafield tag="040" ind1=" " ind2=" ">
    <subfield code="a">EG-CaGPL</subfield>
    <subfield code="c">EG-CaGPL</subfield>
  </datafield>
  <datafield tag="082" ind1="0" ind2="4">
    <subfield code="a">956.9 /</subfield>
    <subfield code="2">21</subfield>
    <subfield code="b">B O</subfield>
  </datafield>
  <datafield tag="100" ind1="1" ind2=" ">
    <subfield code="a">Bauck, Petter</subfield>
  </datafield>
  <datafield tag="245" ind1="1" ind2="4">
    <subfield code="a">The Oslo Accords :</subfield>
    <subfield code="b">A Critical Assessment /</subfield>
    <subfield code="c">Petter Bauck, Mohammed Omer ; Forewords by Desmond Tutu, Ossur Sharpheoinsson.</subfield>
  </datafield>
  <datafield tag="260" ind1=" " ind2=" ">
    <subfield code="c">2016.</subfield>
  </datafield>
  <datafield tag="300" ind1=" " ind2=" ">
    <subfield code="a"> 277 p. ;</subfield>
    <subfield code="c">24 cm.</subfield>
  </datafield>
  <datafield tag="504" ind1=" " ind2=" ">
    <subfield code="a">Includes bibliographical references (p. [391]-409) and index.</subfield>
  </datafield>
  <datafield tag="610" ind1="1" ind2="0">
    <subfield code="a">Israel.</subfield>
    <subfield code="t">Treaties, etc.</subfield>
    <subfield code="g">Muna&#x1E93;&#x1E93;amat al-Ta&#x1E25;r&#x12B;r al-Filas&#x1E6D;&#x12B;n&#x12B;yah,</subfield>
    <subfield code="d">1993 September 13.</subfield>
  </datafield>
  <datafield tag="610" ind1="1" ind2="0">
    <subfield code="a">Israel.</subfield>
    <subfield code="t">Treaties, etc.</subfield>
    <subfield code="g">Muna&#x1E93;&#x1E93;amat al-Ta&#x1E25;r&#x12B;r al-Filas&#x1E6D;&#x12B;n&#x12B;yah,</subfield>
    <subfield code="d">1994 April 29.</subfield>
  </datafield>
  <datafield tag="610" ind1="1" ind2="0">
    <subfield code="a">Israel.</subfield>
    <subfield code="t">Treaties, etc.</subfield>
    <subfield code="g">Muna&#x1E93;&#x1E93;amat al-Ta&#x1E25;r&#x12B;r al-Filas&#x1E6D;&#x12B;n&#x12B;yah,</subfield>
    <subfield code="d">1994 May 4.</subfield>
  </datafield>
  <datafield tag="610" ind1="1" ind2="0">
    <subfield code="a">Israel.</subfield>
    <subfield code="t">Treaties, etc.</subfield>
    <subfield code="g">Muna&#x1E93;&#x1E93;amat al-Ta&#x1E25;r&#x12B;r al-Filas&#x1E6D;&#x12B;n&#x12B;yah,</subfield>
    <subfield code="d">1995 September 28.</subfield>
  </datafield>
  <datafield tag="650" ind1=" " ind2="0">
    <subfield code="a">Arab-Israeli conflict</subfield>
    <subfield code="y">1993-</subfield>
    <subfield code="x">Peace.</subfield>
    <subfield code="2">qrmak</subfield>
  </datafield>
  <datafield tag="650" ind1=" " ind2="0">
    <subfield code="a">Peace treaties.</subfield>
    <subfield code="2">qrmak</subfield>
  </datafield>
  <datafield tag="650" ind1=" " ind2="0">
    <subfield code="a">International law.</subfield>
    <subfield code="2">qrmak</subfield>
  </datafield>
  <datafield tag="651" ind1=" " ind2=" ">
    <subfield code="2">qrmak</subfield>
  </datafield>
  <datafield tag="700" ind1="1" ind2=" ">
    <subfield code="a"> Omer, Mohammed</subfield>
    <subfield code="e">anther editor</subfield>
  </datafield>
  <datafield tag="700" ind1="1" ind2=" ">
    <subfield code="a"> Tutu, Desmond</subfield>
    <subfield code="e">Foreword</subfield>
  </datafield>
  <datafield tag="700" ind1="1" ind2=" ">
    <subfield code="a"> Sharpheoinsson, Ossur</subfield>
    <subfield code="e">Foreword</subfield>
  </datafield>
  <datafield tag="942" ind1=" " ind2=" ">
    <subfield code="2">ddc</subfield>
    <subfield code="c">BK</subfield>
  </datafield>
  <datafield tag="952" ind1=" " ind2=" ">
    <subfield code="0">0</subfield>
    <subfield code="1">0</subfield>
    <subfield code="4">0</subfield>
    <subfield code="7">0</subfield>
    <subfield code="a">CAI</subfield>
    <subfield code="b">CAI</subfield>
    <subfield code="c">MAIN-LIBRARY</subfield>
    <subfield code="d">2018-04-02</subfield>
    <subfield code="l">0</subfield>
    <subfield code="o">956.9 / B O</subfield>
    <subfield code="p">164420</subfield>
    <subfield code="r">2018-04-02 00:00:00</subfield>
    <subfield code="w">2018-04-02</subfield>
    <subfield code="y">BK</subfield>
  </datafield>
</record>
